| 000 | 00555nam a22001817a 4500 | ||
|---|---|---|---|
| 008 | 160708b xxu||||| |||| 00| 0 eng d | ||
| 020 | _a0072315474 | ||
| 050 | _aGE 105 .E54 2002 | ||
| 100 |
_aEldon D. Enger _d2002 |
||
| 245 |
_aEnvironmental Science: _bA Study of Interrelationships |
||
| 250 | _a8th ed. | ||
| 260 |
_aBoston _bMc Graw Hill _c2002 |
||
| 300 |
_axix 486p;ill. _bIncludes index |
||
| 650 | _aEnvironmental sciences | ||
| 700 | _aEldon D. Enger | ||
| 700 | _aBradley F. Smith | ||
| 942 |
_2lcc _cBOOKS _hGE 105 .E54 2002 _01 |
||
| 999 |
_c11438 _d11438 |
||